| 000 | 00925nam a2200241 a 4500 | ||
|---|---|---|---|
| 001 | 48685 | ||
| 003 | BD-RjUL | ||
| 005 | 20211209054552.0 | ||
| 008 | 160816s1975 bg ||||| |||| 00| 0 ben d | ||
| 020 | _c: Tk. 3.00 | ||
| 035 | _a(BD-RjUL)48804 | ||
| 040 |
_aBD-RjUL _bben _cBD-RjUL |
||
| 041 | _aben | ||
| 082 |
_223. _a891.4408 _bEKU 1975 |
||
| 245 | 0 | 0 |
_aএকুশে ফেব্রুয়ারী / _cসম্পাদক নীলিমা ইব্রাহিম |
| 260 |
_aঢাকা : _bবাংলা একাডেমী, _c১৯৭৫ |
||
| 300 |
_a[৮], ১০০ পৃ. ; _c১৯ সেমি |
||
| 500 | _a[ একুশের সংকলন ] | ||
| 650 |
_aবাংলা সাহিত্য _xসংগ্রহ _9122902 |
||
| 650 |
_aBengali Literature _xCollection _9122903 |
||
| 700 |
_aইব্রাহিম, নীলিমা, সম্পাদক _9146960 |
||
| 942 |
_2ddc _cBK |
||
| 999 |
_c48685 _d48685 |
||